| 000 | 00433cam a2200169ua 4500 | ||
|---|---|---|---|
| 020 | _c1.00 | ||
| 041 |
_amal _h |
||
| 082 |
_a894.8124 _bSRE/VI |
||
| 100 | _aSreeranganathan, Vakkom.M . | ||
| 245 |
_aVidhyabhyasa Mekhalayil / _cM.Sreeranganathan,Vakkom. _hTextual Documents |
||
| 260 |
_a : _bVakkom.M.Sreeranganathan , _c1960. |
||
| 300 | _a88 ; . | ||
| 365 | _a1.00 | ||
| 504 | _a | ||
| 942 | _cBK | ||
| 999 |
_c1108 _d1108 |
||